| 000 | 00877nam a2200265 b 4500 | ||
|---|---|---|---|
| 001 | |||
| 003 | DO-SdBNP | ||
| 005 | 20170120115323.0 | ||
| 008 | 930323 1984 sp a spa d | ||
| 017 |
_a _b |
||
| 020 | _a8424133099 | ||
| 040 |
_aBPMSU _bspa _cBPMSU |
||
| 082 | 0 | 4 |
_axxxx _bxxxx |
| 100 | 1 |
_aDalmais, Anne-Marie _d1942- |
|
| 240 | 1 | _aPompeo Tassoni, capostazione esemplare / | |
| 245 | 1 | 0 |
_aPompeyo Tejón, ejemplar jefe de estación / _h _cAnne-Marie Dalmais ; ilustraciones de Annie Bonhomme ;traducción Francisco Martínez García |
| 260 |
_aMadrid : _bEverest, _c1984. |
||
| 300 |
_a15 p.: _bil. ; _c29 cm |
||
| 490 |
_aLos cuentos de las horas _vhora 11 |
||
| 700 | 1 |
_aBonhomme, Annie _eil. |
|
| 700 | 1 |
_aMartínez García, Francisco _etrad. |
|
| 830 |
_aLos cuentos de las horas _vhora 11 |
||
| 942 |
_2ddc _cBK |
||
| 956 |
_aYLOCKWARD _b10 _c20170119 _dBPMSU _f00144 |
||
| 999 |
_c12530 _d12530 |
||